000 00468nam a2200181Ia 4500
001 45298
008 140428s9999 xx 000 0 und d
020 _aNA
040 _cPK-LaUMT
082 _aRHC 891.4394
_bZAH-A
100 _aZahid Muneer Amir
245 _aApni dunyaa aap paida kar (Urdu)
_cZahid Muneer Amir
260 _aLahore,Pakistan:
_bGlobe Publihsers,
_c1989
300 _a55 p.
546 _aUR
650 _aPakistani literature-Urdu
942 _cBK
999 _c43266
_d43266